| 000 | 01343cam a22003737a 4500 | ||
|---|---|---|---|
| 003 | CHAP | ||
| 005 | 20220329133513.0 | ||
| 008 | 971013s1919 r 00010 d | ||
| 010 | _a7125 | ||
| 011 | _a8097 | ||
| 035 | _a7322 | ||
| 040 | _cCHAP | ||
| 082 |
_a595.754 _bW5 |
||
| 100 | 0 | 0 |
_aWilliams, Douglas John. _9122045 |
| 245 | 1 | 4 | _aThe scale insects of the tropical south pacific region |
| 260 |
_aOxon : _bC.A.B. International, _c19 -1990 |
||
| 300 |
_a3v. _b: ilus. |
||
| 500 | _aLa biblioteca tiene: v.2 The mealybugs (Pseudococcidae) -- v.3 The soft scales (Coccidae) and other families | ||
| 590 |
_aBATCH-UPD _b10 _c20130110 _lUCH01 _h0105 |
||
| 590 |
_aBATCH-UPD _b10 _c20130110 _lUCH01 _h1552 |
||
| 590 |
_aBATCH-UPD _b10 _c20130410 _lUCH01 _h0949 |
||
| 590 |
_aBATCH-UPD _b10 _c20130914 _lUCH01 _h0956 |
||
| 590 |
_aCONVERSION _b10 _c20130109 _lUCH01 _h1305 |
||
| 650 | 1 | 4 |
_aCoccidae. _924200 |
| 650 | 1 | 4 |
_aEntomología sistemática. _937154 |
| 650 | 1 | 4 |
_aInsectos _xIdentificación. _958929 |
| 650 | 1 | 4 |
_aInsectos _xTrópicos. _958945 |
| 650 | 1 | 4 |
_aPseudococcidae. _992558 |
| 700 | 0 |
_aWatson, Gillian W. _9121200 |
|
| 901 | _aBK | ||
| 942 | _cLIBRO | ||
| 949 |
_a595.754 W5 _bBC _cC _d33724000497335 _eC _fv.2 _gI.166701 _h82914 _i7322 _si _t189.00 |
||
| 949 |
_a595.754 W5 _bBC _cC _d33724000497392 _eC _fv.3 _gI.166639 _h82915 _i7322 _sb _t197.00 |
||
| 999 |
_c7125 _d7125 |
||